000 00937nam a2200229Ia 4500
999 _c43810
_d43810
001 10555
003 GE_BSU
005 20210222225801.0
008 181216s2012||||ge |||||||||||||| || ||
020 _a9992876123
040 _cGE_BSU
041 _ageo
080 _a616-092(075.8) ყ–56
100 _aყიფიანი, ვახტანგ
_97955
245 _aორგანოების და სისტემების პათოფიზიოლოგია :
_bნაწ. 2 /
_c ვახტანგ ყიფიანი ; სამეცნ. რედ. ირინე კვაჭაძე.
264 _aთბილისი :
_b?,
_c2012.
300 _a574 გვ. :
_bილ. ;
_c30 სმ.
541 _h30ლ.
653 _aმედიცინა
653 _aორგანოების და სისტემების პათოფიზიოლოგია
942 _cBK
_2udc